Modelovanie a statická analýza plošnej konštrukcie
Na minha lista:
| Autor principal: | |
|---|---|
| Outros Autores: | |
| Formato: | Manuscrito Livro |
| Idioma: | eslovaco |
| Publicado em: |
2016
|
| Assuntos: | |
| Acesso em linha: | http://is.stuba.sk/zp/portal_zp.pl?podrobnosti=108432 https://opac.crzp.sk/?fn=detailBiblioForm&sid=B0ECE52FE577B8B958C367E96922 |
| Tags: |
Sem tags, seja o primeiro a adicionar uma tag!
|
MARC
| LEADER | 00000ntm a22000003a 4500 | ||
|---|---|---|---|
| 001 | stuzp57113 | ||
| 003 | SK-STU | ||
| 005 | 20230621124511.0 | ||
| 007 | ta | ||
| 008 | 150427s2015----xo-----f-mn---000-0-slo-d | ||
| 040 | |a STU |b slo | ||
| 041 | 0 | |a slo | |
| 100 | 1 | |a Chlpek, Andrej |u 010250 |4 aut |U SvF Stavebná fakulta |T SvF Katedra stavebnej mechaniky |X 63090 |U V250 |Y 26 |7 63090 | |
| 242 | 0 | 1 | |a Modeling and static analysis of plate structures |y eng |
| 245 | 1 | 0 | |a Modelovanie a statická analýza plošnej konštrukcie |
| 260 | |c 2016 | ||
| 650 | 4 | |a modelovanie |2 slo | |
| 650 | 4 | |a statická |2 slo | |
| 650 | 4 | |a ekonomická |2 slo | |
| 650 | 4 | |a analýza |2 slo | |
| 650 | 4 | |a funkčná |2 slo | |
| 650 | 4 | |a static |2 eng | |
| 650 | 4 | |a analysis |2 eng | |
| 650 | 4 | |a modeling |2 eng | |
| 650 | 4 | |a functional |2 eng | |
| 650 | 4 | |a economics |2 eng | |
| 700 | 1 | |a Prekop, Ľubomír |u 010250 |k Z1 |4 ths |U SvF Stavebná fakulta |T SvF Katedra stavebnej mechaniky |X 757 |U V250 |Y 26 |7 A000000757 | |
| 856 | 4 | |u http://is.stuba.sk/zp/portal_zp.pl?podrobnosti=108432 | |
| 856 | 4 | |u https://opac.crzp.sk/?fn=detailBiblioForm&sid=B0ECE52FE577B8B958C367E96922 | |
| SQL | |a stuzp57113 |b DBP |c SLO |d Modelovanie a statická analýza plošnej konštrukcie |e 63090 |f Chlpek, Andrej |g 010250 |h 757 |i Prekop, Ľubomír |j 20160622 |k 1 |l 01 |m http://is.stuba.sk/zp/portal_zp.pl?podrobnosti=108432 |n B-IKD |o 5.1.5. inžinierske konštrukcie a dopravné stavby | ||